|
|
|
|
| LEADER |
00760nab a2200205 i 4500 |
| 001 |
acta71945 |
| 005 |
20230321192829.0 |
| 008 |
210204s2020 hu o 0|| hun d |
| 022 |
|
|
|a 0237-7934
|
| 040 |
|
|
|a SZTE Egyetemi Kiadványok Repozitórium
|b hun
|
| 041 |
|
|
|a hun
|
| 100 |
1 |
|
|a Balatoni Balázs
|
| 245 |
1 |
2 |
|a A szakértők szerepe a délkelet-európai brit külpolitika alakításában a 20. század legelején
|h [elektronikus dokumentum] /
|c Balatoni Balázs
|
| 260 |
|
|
|c 2020
|
| 300 |
|
|
|a 85-97
|
| 490 |
0 |
|
|a Aetas
|v 35 No. 4
|
| 650 |
|
4 |
|a Bölcsészettudományok
|
| 650 |
|
4 |
|a Történettudomány és régészet
|
| 695 |
|
|
|a Külpolitika - Nagy-Britannia - 20. sz.
|
| 856 |
4 |
0 |
|u http://acta.bibl.u-szeged.hu/71945/1/aetas_2020_004_085-097.pdf
|z Dokumentum-elérés
|